000 00912nam a2200277 a 4500
001 25712
003 CO-ViMGA
008 141112s2004 ck r 000 u spa d
020 _a9789587108064
040 _aCO-ViMGA
_bspa
_cCO-ViMGA
041 _aSPA
082 0 4 _a323.4 G18r
100 1 _aGauchet, Marcel, 1946 -
_939636
245 1 0 _aLa revolución de los derechos del hombre /
_cMarcel Gauchet ; traducción de Nicolas Suescún
250 _a1a ed.
260 _aBogotá :
_bUniversidad Externado de Colombia,
_c2013
300 _a378 p.
490 _aCentro de Estudios en Historia
500 _aIncluye cronología de la revolución francesa.
650 1 4 _aDERECHOS CIVILES - HISTORIA
_939637
650 1 4 _aDERECHOS HUMANOS
_955
650 1 4 _aIGUALDAD
_918806
651 _aFRANCIA - HISTORIA - REVOLUCION, 1789 - 1799
_939638
700 1 _aSuescún, Nicolás, 1937 -
_92573
942 _2ddc
_cBK
999 _c5279
_d5279